Rayos de luz practica / (Registro nro. 161233)
[ vista simple ]
| 000 -LEADER | |
|---|---|
| campo de control de longitud fija | 01507nam a22002775i 4500 |
| 001 - NÚMERO DE CONTROL | |
| campo de control | 161233 |
| 003 - IDENTIFICADOR DE NÚMERO DE CONTROL | |
| campo de control | ES-MaACL |
| 005 - FECHA Y HORA DE LA ÚLTIMA TRANSACCIÓN | |
| campo de control | 20251118151644.0 |
| 008 - DATOS DE LONGITUD FIJA--INFORMACIÓN GENERAL | |
| campo de control de longitud fija | 980417s1731 sp |||| | spa d |
| 040 ## - FUENTE DE CATALOGACIÓN | |
| Centro catalogador/agencia de origen | EXT |
| Lengua de catalogación | spa |
| Centro/agencia transcriptor | EXT |
| 100 1# - ENTRADA PRINCIPAL--NOMBRE DE PERSONA | |
| Nombre de persona | Pacheco Ortiz, Félix. |
| 9 (RLIN) | 88136 |
| 245 10 - MENCIÓN DEL TÍTULO | |
| Título | Rayos de luz practica / |
| Mención de responsabilidad, etc. | con que Don Feliz Pacheco Ortiz ... desvanece las sombras con que el doctor Francisco Sanz ... intentó obscurecer la Hypothesis de Fiebres del doctor Martin Martinez ... y hace resplandecer la particular Hypothesis ... del doctor Luis Enriquez ... |
| 260 ## - PUBLICACIÓN, DISTRIBUCIÓN, ETC. | |
| Lugar de publicación, distribución, etc. | En Madrid : |
| Nombre del editor, distribuidor, etc. | En la Imprenta de Doña Isabel Nicasia Barbaràn ... : |
| -- | Vendese en Casa de Pedro del Castillo ..., |
| Fecha de publicación, distribución, etc. | 1731. |
| 300 ## - DESCRIPCIÓN FÍSICA | |
| Extensión | [32], 190, [2] p. ; |
| Dimensiones | 4º. |
| 530 ## - NOTA DISPONIBLE DE FORMULARIO FÍSICO ADICIONAL | |
| Nota de formato físico adicional disponible | Disponible en formato digital. |
| 597 ## - NOTA DE DESCRIPCIÓN FÍSICA | |
| NOTA DE DESCRIPCIÓN FÍSICA | Sign.: ¶-4¶4, A-Z4, 2A4. |
| 597 ## - NOTA DE DESCRIPCIÓN FÍSICA | |
| NOTA DE DESCRIPCIÓN FÍSICA | Port. con orla tip. |
| 650 04 - PUNTO DE ACCESO ADICIONAL DE MATERIA--TÉRMINO DE MATERIA | |
| Término de materia o nombre geográfico como elemento de entrada | Fiebre- |
| Subdivisión de forma | Obras anteriores a 1800. |
| 9 (RLIN) | 12773 |
| 700 1# - ENTRADA AGREGADA--NOMBRE PERSONAL | |
| Nombre de persona | Sanz, Francisco. |
| 9 (RLIN) | 132465 |
| 700 1# - ENTRADA AGREGADA--NOMBRE PERSONAL | |
| Nombre de persona | Martínez, Martín, |
| Fechas asociadas al nombre | 1684-1734 |
| 9 (RLIN) | 173203 |
| 700 1# - ENTRADA AGREGADA--NOMBRE PERSONAL | |
| Nombre de persona | Enríquez, Luis. |
| 9 (RLIN) | 126941 |
| 852 ## - LOCALIZACIÓN | |
| Ubicación | ES-MaACL |
| Número de control de estantería | R-3422 |
| itemnumber | 167277 |
| Signatura antigua | Olim: G-15510 |
| Nota libre | Cotejado con la relación de obras recuperadas expediente Robo |
| -- | Cambio de signatura. Datos tomados del fichero topográfico R |
| Encuadernación | Encuadernación en pergamino |
| condición física | Deteriorado con hojas reintegradas, las dos últimas afectan al texto |
| 856 ## - LOCALIZACIÓN Y ACCESO ELECTRÓNICOS | |
| Identificador Uniforme de Recursos | <a href="http://bdh-rd.bne.es/viewer.vm?id=0000079786&page=1 ">http://bdh-rd.bne.es/viewer.vm?id=0000079786&page=1 </a> |
| Nota pública | Biblioteca Digital Hispánica |
| 942 ## - ELEMENTOS DE ENTRADA SECUNDARIOS (KOHA) | |
| Fuente del sistema de clasificación o colocación | Clasificación decimal universal |
| Estatus retirado | Estado de pérdida | Estado de daño | No para préstamo | Colección | Biblioteca de origen | Biblioteca actual | Ubicación en estantería | Fecha de adquisición | Fuente de adquisición | Total de préstamos | Signatura topográfica completa | Código de barras | Visto por última vez | Precio de reemplazo | Tipo de ítem Koha |
|---|---|---|---|---|---|---|---|---|---|---|---|---|---|---|---|
| Colección digital | Biblioteca del Ateneo de Madrid | Biblioteca del Ateneo de Madrid | Depósito | 17/01/2008 | R-3422 | 1168880 | 23/02/2023 | 23/02/2023 | Libro impreso antiguo |
